Los tumores funcionantes del ovario / (Record no. 31910)

MARC details
000 -LEADER
campo de control de longitud fija 00544nam a2200181 i 4500
001 - NÚMERO DE CONTROL
campo de control 31910
003 - IDENTIFICADOR DE NÚMERO DE CONTROL
campo de control ES-MaACL
005 - FECHA Y HORA DE LA ÚLTIMA TRANSACCIÓN
campo de control 20230906154455.0
007 - CAMPO FIJO DE DESCRIPCIÓN FÍSICA--INFORMACIÓN GENERAL
campo de control de longitud fija t|
008 - DATOS DE LONGITUD FIJA--INFORMACIÓN GENERAL
campo de control de longitud fija 030130s1946 sp ||||1| spa d
100 1# - ENTRADA PRINCIPAL--NOMBRE DE PERSONA
Nombre de persona Bedoya González, José María.
9 (RLIN) 27009
245 14 - MENCIÓN DEL TÍTULO
Título Los tumores funcionantes del ovario /
Mención de responsabilidad, etc. J. M. Bedoya ; prólogo de J. Botella.
250 ## - MENCION DE EDICION
Mención de edición 1ª ed.
260 ## - PUBLICACIÓN, DISTRIBUCIÓN, ETC.
Lugar de publicación, distribución, etc. Madrid :
Nombre del editor, distribuidor, etc. Morata,
Fecha de publicación, distribución, etc. 1946 (
Fabricante Sèz)
300 ## - DESCRIPCIÓN FÍSICA
Extensión 127 p., 7 lám. :
Otras características físicas il. ;
Dimensiones 24 cm.
700 1# - ENTRADA AGREGADA--NOMBRE PERSONAL
Nombre de persona Botella, J.
9 (RLIN) 30747
852 ## - LOCALIZACIÓN
Ubicación ES-MaACL
Número de control de estantería A-180
Sublocalización o colección R.28981
Holdings
Estatus retirado Estado de pérdida Estado de daño No para préstamo Biblioteca de origen Biblioteca actual Ubicación en estantería Fecha de adquisición Fuente de adquisición Total de préstamos Signatura topográfica completa Código de barras Visto por última vez Precio de reemplazo Tipo de ítem Koha
        Biblioteca del Ateneo de Madrid Biblioteca del Ateneo de Madrid Sala Pecera Planta 1 17/01/2008     A-180 1033002 23/02/2023 23/02/2023 Libro impreso